| Tag |
First Indicator |
Second Indicator |
Subfields |
| LEADER |
00000cam a2200000 a 4500 |
| 001 |
in00000079038 |
| 005 |
20151008055214.0 |
| 008 |
781107s1977 enkab b f00010 eng d |
| 020 |
|
|
|a 0118840029
|
| 035 |
|
|
|a (OCoLC)04352028
|
| 035 |
|
|
|9 AAJ2823AM
|
| 040 |
|
|
|a GIS
|c GIS
|d m.c.
|d TXA
|d UtOrBLW
|
| 049 |
|
|
|a TXAM
|c [387595]
|
| 090 |
|
|
|a TN270
|b .F7
|
| 100 |
1 |
|
|a Francis, T. J. G.
|
| 245 |
1 |
0 |
|a Electrical prospecting on the continental shelf /
|c T.J.G. Francis.
|
| 264 |
|
1 |
|a London :
|b H.M.S.O.,
|c 1977.
|
| 300 |
|
|
|a vi, 41 pages :
|b illustrations, maps ;
|c 30 cm.
|
| 336 |
|
|
|a text
|b txt
|2 rdacontent
|
| 337 |
|
|
|a unmediated
|b n
|2 rdamedia
|
| 338 |
|
|
|a volume
|b nc
|2 rdacarrier
|
| 490 |
1 |
|
|a Report / Natural Environment Research Council, Institute of Geological Sciences ;
|v no. 77/4
|
| 504 |
|
|
|a Bibliography: pages 37-38.
|
| 650 |
|
0 |
|a Electric prospecting.
|
| 650 |
|
0 |
|a Mineral resources in submerged lands.
|
| 830 |
|
0 |
|a Report (Institute of Geological Sciences (Great Britain)) ;
|v 77/4.
|
| 999 |
|
|
|a MARS
|
| 999 |
f |
f |
|s bcc03034-628d-33b1-9524-10ceac778969
|i ca7c64d6-84c7-3b89-b616-a83d4fd0a18b
|t 0
|
| 952 |
f |
f |
|p ric
|a Texas A&M University
|b Rellis Campus
|c Joint Library Facility
|d Remote Storage
|t 0
|e TN270 .F7
|h Library of Congress classification
|i unmediated -- volume
|m A14806254793
|
| 998 |
f |
f |
|a TN270 .F7
|t 0
|l Remote Storage
|